[Event "129th YMCA Autumn 2013-C"]
[Site "Warszawa"]
[Date "2013.10.09"]
[Round "4"]
[White "Wyszomirski, Krzysztof"]
[Black "Maj, Pawel"]
[Result "1-0"]
[WhiteElo "1755"]
[BlackElo "1732"]
[PlyCount "61"]
[EventDate "2013.09.16"]
[EventType "tourn"]
[EventRounds "1"]
[EventCountry "POL"]
[SourceDate "2013.09.16"]

1. e4 c5 2. Nf3 d6 3. d4 cxd4 4. Nxd4 Nf6 5. Nc3 g6 6. Be3 Bg7 7. f3 O-O 8. Qd2
Nc6 9. g4 Bd7 10. h4 h5 11. g5 Ne8 12. f4 Bg4 13. Be2 Bxe2 14. Ncxe2 e5 15.
Nxc6 bxc6 16. f5 d5 17. f6 Nxf6 18. gxf6 Bxf6 19. Bg5 Bxg5 20. hxg5 Qb6 21.
O-O-O Rab8 22. c3 Rbd8 23. Ng3 d4 24. c4 Qa6 25. b3 Qa3+ 26. Kb1 Rb8 27. Qb2
Qe7 28. Qe2 Qa3 29. Rd3 Kg7 30. Nf5+ gxf5 31. exf5 1-0

[Event "129th YMCA Autumn 2013-C"]
[Site "Warszawa"]
[Date "2013.10.09"]
[Round "4"]
[White "Wilczynski, Adam"]
[Black "Bitowt, Jacek"]
[Result "1/2-1/2"]
[WhiteElo "1696"]
[BlackElo "1750"]
[PlyCount "106"]
[EventDate "2013.09.16"]
[EventType "tourn"]
[EventRounds "1"]
[EventCountry "POL"]
[SourceDate "2013.09.16"]

1. c4 Nf6 2. g3 e5 3. Bg2 Nc6 4. Nc3 Bc5 5. a3 a5 6. e3 d6 7. Nge2 Bg4 8. h3
Bh5 9. g4 Bg6 10. d4 Bb6 11. O-O h6 12. d5 Nb8 13. e4 Nbd7 14. Ng3 Nc5 15. Be3
a4 16. Bxc5 Bxc5 17. Nxa4 Ba7 18. Qb3 O-O 19. Nf5 Bxf5 20. exf5 Qe7 21. Nc3 Nd7
22. Qc2 h5 23. Ne4 hxg4 24. hxg4 Qh4 25. Qe2 Nc5 26. Rad1 f6 27. Nxc5 Bxc5 28.
Rd3 Kf7 29. Rh3 Qg5 30. Rd1 Rh8 31. Rxh8 Rxh8 32. b4 Ba7 33. Kf1 Rh4 34. Bf3
Rh2 35. c5 Qh4 36. Qe3 Kg8 37. Ke2 Kh7 38. Rg1 Rh3 39. g5 Qc4+ 40. Kd1 dxc5 41.
gxf6 gxf6 42. Rh1 Rxh1+ 43. Bxh1 Qf1+ 44. Qe1 Qd3+ 45. Qd2 Qxa3 46. d6 cxd6 47.
Qd5 Qa1+ 48. Ke2 Qb2+ 49. Kf1 Qc1+ 50. Kg2 Qg5+ 51. Kf1 Qc1+ 52. Kg2 Qg5+ 53.
Kf1 Qc1+ 1/2-1/2

[Event "129th YMCA Autumn 2013-C"]
[Site "Warszawa"]
[Date "2013.10.04"]
[Round "4"]
[White "Chylewski, Patryk"]
[Black "Pajak, Jakub"]
[Result "1/2-1/2"]
[WhiteElo "1704"]
[BlackElo "1722"]
[Annotator "Admin"]
[PlyCount "53"]
[EventDate "2013.09.16"]
[EventType "tourn"]
[EventRounds "1"]
[EventCountry "POL"]
[SourceDate "2013.09.16"]

1. d4 d5 2. c4 e6 3. Nc3 Nf6 4. Bg5 Be7 5. e3 O-O 6. Nf3 b6 7. cxd5 Nxd5 8.
Bxe7 Nxe7 9. Bd3 Bb7 10. O-O Nd7 11. Qe2 h6 12. Rfd1 Nf6 13. e4 Ng6 14. g3 Nh7
15. Rac1 Ng5 16. Nxg5 Qxg5 17. Qd2 Qxd2 18. Rxd2 Rfd8 19. Be2 c5 $11 20. Rcd1
cxd4 21. Rxd4 Rxd4 22. Rxd4 Bc6 23. Ba6 Ne5 24. Be2 Rc8 $11 25. f4 Nd7 26. Kf2
Kf8 27. Ke3 1/2-1/2

[Event "129th YMCA Autumn 2013-C"]
[Site "Warszawa"]
[Date "2013.10.09"]
[Round "4"]
[White "Jarmolowski, Tadeusz"]
[Black "Kacprzak, Karol"]
[Result "0-1"]
[WhiteElo "1695"]
[BlackElo "1785"]
[PlyCount "94"]
[EventDate "2013.09.16"]
[EventType "tourn"]
[EventRounds "1"]
[EventCountry "POL"]
[SourceDate "2013.09.16"]

1. e4 c6 2. Nc3 d5 3. Nf3 dxe4 4. Nxe4 Nf6 5. Nxf6+ gxf6 6. d4 Bf5 7. Bd3 Bxd3
8. Qxd3 Qc7 9. Qf5 Nd7 10. Bf4 Qb6 11. O-O-O e6 12. Rhe1 Be7 13. Qh5 Qb5 14.
Qxb5 cxb5 15. d5 e5 16. d6 Bd8 17. Nh4 Ba5 18. Re2 O-O-O 19. Be3 a6 20. Nf5 Bb6
21. Bxb6 Nxb6 22. b3 Kb8 23. Re4 Rhg8 24. g3 Rg5 25. Ne3 Nc8 26. h4 Rh5 27. d7
Nb6 28. Ng4 Rf5 29. Re2 Rxd7 30. Rxd7 Nxd7 31. Nh6 Rf3 32. Nxf7 Kc7 33. Rd2 Nc5
34. Nd6 Ne6 35. Ne8+ Kc8 36. Rd6 Nd4 37. Rxf6 Rc3 38. Nd6+ Kd7 39. Ne4 Rxc2+
40. Kb1 Ke8 41. Rh6 Re2 42. Nd6+ Kf8 43. Rxh7 Rxf2 44. g4 Rf4 45. g5 e4 46. Kc1
e3 47. g6 Rf1+ 0-1

[Event "129th YMCA Autumn 2013-C"]
[Site "Warszawa"]
[Date "2013.10.16"]
[Round "5"]
[White "Kacprzak, Karol"]
[Black "Krzyzanowski, Antoni"]
[Result "1-0"]
[WhiteElo "1785"]
[BlackElo "1758"]
[PlyCount "77"]
[EventDate "2013.09.16"]
[EventType "tourn"]
[EventRounds "1"]
[EventCountry "POL"]
[SourceDate "2013.09.16"]

1. c4 f5 2. Nc3 e5 3. d4 e4 4. Bf4 d6 5. e3 Nf6 6. Nge2 c6 7. b4 Be7 8. d5 O-O
9. Nd4 cxd5 10. cxd5 Qb6 11. Qb3 Ng4 12. h3 Nxf2 13. Kxf2 g5 14. Na4 Qd8 15.
Bh2 f4 16. Be2 f3 17. gxf3 exf3 18. Bxf3 Bxh3 19. Ke2 g4 20. Be4 Bh4 21. Bf4
Rxf4 22. exf4 Qf6 23. Ne6 b5 24. Qc3 Nd7 25. Qc6 bxa4 26. Qxa8+ Kf7 27. Rac1
Qb2+ 28. Rc2 Qxb4 29. Bxh7 Qb5+ 30. Kd2 Qb4+ 31. Kc1 Qa3+ 32. Kb1 Bf6 33. Qg8+
Ke7 34. Qd8+ Kf7 35. Qxd7+ Be7 36. Ng5+ Kf8 37. Qf5+ Ke8 38. Rc8+ Bd8 39. Qf7#
1-0

[Event "129th YMCA Autumn 2013-C"]
[Site "Warszawa"]
[Date "2013.10.15"]
[Round "5"]
[White "Pajak, Jakub"]
[Black "Jarmolowski, Tadeusz"]
[Result "1/2-1/2"]
[WhiteElo "1722"]
[BlackElo "1695"]
[PlyCount "85"]
[EventDate "2013.09.16"]
[EventType "tourn"]
[EventRounds "1"]
[EventCountry "POL"]
[SourceDate "2013.09.16"]

1. e4 c5 2. Nf3 e6 3. d4 cxd4 4. Nxd4 Nf6 5. Nc3 Nc6 6. Be3 Bb4 7. f3 d5 8.
Nxc6 bxc6 9. e5 Nd7 10. f4 Qa5 11. Bd2 Qb6 12. Na4 Qe3+ 13. Be2 Qxf4 14. c3
Qh4+ 15. g3 Qe4 16. Rf1 Be7 17. b3 Nc5 18. Nxc5 Bxc5 19. Bf4 Ba6 20. b4 Bxe2
21. Qxe2 Qxe2+ 22. Kxe2 Be7 23. a3 O-O 24. Be3 a6 25. h4 Rfc8 26. Rf4 Rc7 27.
Raf1 Bf8 28. c4 Rb8 29. h5 dxc4 30. Rxc4 Rb5 31. Rfc1 g6 32. hxg6 hxg6 33. Kf3
a5 34. bxa5 Rxa5 35. Rxc6 Rxc6 36. Rxc6 Rxa3 37. Rc8 Kg7 38. Ke4 Be7 39. Rc7
Bd8 40. Rd7 Ba5 41. Bg5 Rxg3 42. Bf6+ Kh6 43. Rxf7 1/2-1/2

[Event "129th YMCA Autumn 2013-C"]
[Site "Warszawa"]
[Date "2013.09.27"]
[Round "5"]
[White "Bitowt, Jacek"]
[Black "Chylewski, Patryk"]
[Result "1/2-1/2"]
[WhiteElo "1750"]
[BlackElo "1704"]
[PlyCount "78"]
[EventDate "2013.09.16"]
[EventType "tourn"]
[EventRounds "1"]
[EventCountry "POL"]
[SourceDate "2013.09.16"]

1. e4 c5 2. c3 d5 3. exd5 Qxd5 4. d4 Nc6 5. Nf3 e5 6. dxe5 Qxd1+ 7. Kxd1 Bg4 8.
Bf4 O-O-O+ 9. Nbd2 Nge7 10. Be2 Ng6 11. Be3 Be7 12. h3 Be6 13. Ke1 Ngxe5 14.
Kf1 Nd3 15. b3 f5 16. Ne1 Nce5 17. Nxd3 Nxd3 18. Bxd3 Rxd3 19. Rc1 Bf6 20. Nf3
b6 21. c4 Rhd8 22. Ke2 h6 23. Rhd1 Rxd1 24. Rxd1 Rxd1 25. Kxd1 g5 26. g3 Bd7
27. Ke2 Bc6 28. h4 f4 29. hxg5 fxe3 30. gxf6 Bxf3+ 31. Kxf3 exf2 32. Kxf2 Kd7
33. f7 Ke7 34. f8=Q+ Kxf8 35. Kf3 Kf7 36. Kf4 Kf6 37. Kg4 Kg6 38. Kf4 Kf6 39.
Kg4 Kg6 1/2-1/2

[Event "129th YMCA Autumn 2013-C"]
[Site "Warszawa"]
[Date "2013.10.16"]
[Round "5"]
[White "Maj, Pawel"]
[Black "Wilczynski, Adam"]
[Result "1-0"]
[WhiteElo "1732"]
[BlackElo "1696"]
[PlyCount "85"]
[EventDate "2013.09.16"]
[EventType "tourn"]
[EventRounds "1"]
[EventCountry "POL"]
[SourceDate "2013.09.16"]

1. f4 d5 2. Nf3 Nf6 3. g3 c5 4. Bg2 Nc6 5. O-O e6 6. d3 Bd6 7. Nc3 d4 8. Ne4
Nxe4 9. dxe4 e5 10. e3 Bg4 11. h3 Bxf3 12. Qxf3 O-O 13. Qg4 Qc8 14. f5 f6 15.
exd4 cxd4 16. a3 Qc7 17. Rf2 d3 18. Be3 dxc2 19. Rxc2 Kh8 20. Bf1 Qe7 21. Bc4
Bc5 22. Qe2 Bd4 23. Bd5 Bxe3+ 24. Qxe3 Nd4 25. Rc4 Rac8 26. Rac1 Rxc4 27. Rxc4
Qd7 28. Qd3 b5 29. Rc3 Rc8 30. Be6 Rxc3 31. bxc3 Qd6 32. cxd4 g6 33. Qc3 Kg7
34. d5 gxf5 35. exf5 Qb6+ 36. Kg2 a5 37. Qd2 b4 38. axb4 axb4 39. d6 b3 40.
Bxb3 Qxb3 41. d7 e4 42. d8=Q Qf3+ 43. Kh2 1-0

[Event "129th YMCA Autumn 2013-C"]
[Site "Warszawa"]
[Date "2013.10.16"]
[Round "5"]
[White "Major, Boguslaw"]
[Black "Wyszomirski, Krzysztof"]
[Result "1/2-1/2"]
[WhiteElo "1781"]
[BlackElo "1755"]
[Annotator "Admin"]
[PlyCount "62"]
[EventDate "2013.09.16"]
[EventType "tourn"]
[EventRounds "1"]
[EventCountry "POL"]
[SourceDate "2013.09.16"]

1. Nf3 Nf6 2. d4 g6 3. c4 Bg7 4. Nc3 O-O 5. Bf4 d6 6. e3 Nbd7 7. Be2 Re8 8. O-O
Nh5 9. Bg5 h6 10. Bh4 g5 11. Nd2 Nhf6 12. Bg3 e5 13. h4 Nf8 14. hxg5 hxg5 15.
dxe5 dxe5 16. Nf3 Qxd1 17. Raxd1 g4 18. Nxe5 Nh5 19. Nxg4 Bxg4 20. Bxg4 Nxg3
21. fxg3 Bxc3 22. bxc3 Rxe3 23. Bf3 c6 24. Rb1 Re7 25. Rb2 Rae8 26. Kf2 Ne6 27.
Rd1 Nc5 28. Rbd2 Kg7 29. Rd8 Rxd8 30. Rxd8 Kf6 31. Rd4 Na4 $11 1/2-1/2

[Event "129th YMCA Autumn 2013-C"]
[Site "Warszawa"]
[Date "2013.10.16"]
[Round "5"]
[White "Dominiczak, Adrian"]
[Black "Kaminski, Jan"]
[Result "1-0"]
[WhiteElo "1762"]
[BlackElo "1753"]
[PlyCount "61"]
[EventDate "2013.09.16"]
[EventType "tourn"]
[EventRounds "1"]
[EventCountry "POL"]
[SourceDate "2013.09.16"]

1. d4 Nf6 2. Nf3 d5 3. Bg5 e6 4. Nbd2 c6 5. e3 Qb6 6. Rb1 Be7 7. Bd3 O-O 8. O-O
Nbd7 9. a3 Qc7 10. e4 e5 11. Re1 exd4 12. e5 Nxe5 13. Nxe5 h6 14. Bh4 Be6 15.
Ndf3 c5 16. b4 c4 17. Bf1 Ne4 18. Qxd4 g5 19. Bg3 Nxg3 20. hxg3 Bf6 21. Qc5 Qd8
22. Rbd1 b6 23. Qe3 Qc7 24. Nd4 Bc8 25. Nb5 Qxe5 26. Qxe5 Bxe5 27. Rxe5 Bb7 28.
Nc7 Rac8 29. Nxd5 Kg7 30. Re7 Bxd5 31. Rxd5 1-0

[Event "129th YMCA Autumn 2013-C"]
[Site "Warszawa"]
[Date "2013.10.16"]
[Round "5"]
[White "Rodak, Przemyslaw"]
[Black "Szukalski, Antoni"]
[Result "1/2-1/2"]
[WhiteElo "1661"]
[BlackElo "1796"]
[PlyCount "71"]
[EventDate "2013.09.16"]
[EventType "tourn"]
[EventRounds "1"]
[EventCountry "POL"]
[SourceDate "2013.09.16"]

1. d4 d5 2. c4 c6 3. Nc3 Nf6 4. Nf3 e6 5. Bg5 Be7 6. e3 O-O 7. Bd3 Nbd7 8. cxd5
exd5 9. O-O Re8 10. Re1 Nf8 11. h3 Ne4 12. Bxe7 Qxe7 13. Ne5 f6 14. Ng4 f5 15.
Ne5 Nd7 16. f4 Ndf6 17. Nxe4 Nxe4 18. Qh5 Be6 19. Bxe4 dxe4 20. a3 Red8 21.
Rac1 Rd5 22. Qe2 c5 23. dxc5 Rxc5 24. b4 Rd5 25. Red1 Rad8 26. Rxd5 Rxd5 27.
Rd1 Qd6 28. Rxd5 Qxd5 29. Qc2 g5 30. g3 Qd6 31. Kf2 a5 32. bxa5 Qxa3 33. Qd2
Qe7 34. Kg2 Qc7 35. Kf2 Kg7 36. Kg2 1/2-1/2

[Event "129th YMCA Autumn 2013-C"]
[Site "Warszawa"]
[Date "2013.10.23"]
[Round "6"]
[White "Krzyzanowski, Antoni"]
[Black "Szukalski, Antoni"]
[Result "0-1"]
[WhiteElo "1758"]
[BlackElo "1796"]
[PlyCount "64"]
[EventDate "2013.09.16"]
[EventType "tourn"]
[EventRounds "1"]
[EventCountry "POL"]
[SourceDate "2013.09.16"]

1. e4 c6 2. d4 d5 3. e5 Bf5 4. h4 h6 5. g4 Bh7 6. e6 fxe6 7. Bh3 Qd6 8. f4 g5
9. Ne2 gxh4 10. Nbc3 Nf6 11. f5 exf5 12. gxf5 Na6 13. Bf4 Qd7 14. Be5 Bxf5 15.
Nf4 Bxh3 16. Rxh3 Rg8 17. Qe2 Rg1+ 18. Kd2 Rxa1 19. Bxf6 Qf5 20. Be5 O-O-O 21.
a3 Rg1 22. Rxh4 e6 23. b4 b5 24. Nxb5 cxb5 25. Qxb5 Nc7 26. Bxc7 Kxc7 27. Qa5+
Kd7 28. Qxa7+ Ke8 29. Qb6 Bd6 30. Qc6+ Ke7 31. Nh3 Rg3 32. Rxh6 Rxh3 0-1

[Event "129th YMCA Autumn 2013-C"]
[Site "Warszawa"]
[Date "2013.10.23"]
[Round "6"]
[White "Kaminski, Jan"]
[Black "Rodak, Przemyslaw"]
[Result "0-1"]
[WhiteElo "1753"]
[BlackElo "1661"]
[Annotator "Admin"]
[PlyCount "120"]
[EventDate "2013.09.16"]
[EventType "tourn"]
[EventRounds "1"]
[EventCountry "POL"]
[SourceDate "2013.09.16"]

1. e4 Nf6 2. Nc3 d5 3. exd5 Nxd5 4. Bc4 Nxc3 5. bxc3 e6 6. d4 Be7 7. Nf3 b6 8.
Qe2 Bb7 9. O-O O-O 10. Bf4 Nd7 11. Rfe1 Nf6 12. Ne5 Bd5 13. Bd3 Bd6 14. c4 Bb7
15. c3 c5 16. Bg5 Be7 17. Rad1 Nd7 18. Nxd7 Qxd7 19. Bxe7 Qxe7 20. d5 Qg5 21.
f4 Qxf4 22. dxe6 fxe6 23. Qxe6+ Kh8 24. Rf1 Qg5 25. Qh3 h6 26. Bb1 Rad8 27.
Rxf8+ Rxf8 28. Qg3 Qxg3 29. hxg3 Bc6 30. Rd6 Ba4 31. Bg6 Kg8 32. Kh2 Rb8 33. g4
Kf8 34. Rd2 Ke7 35. Kg3 Bc6 36. Kf4 Rf8+ 37. Kg3 Rf6 38. Bf5 g6 39. Re2+ Kf7
40. Bc2 $11 Rd6 41. Rf2+ Rf6 42. Rd2 Re6 43. Kf2 Ke7 44. Rd1 Be4 45. Ba4 Bc6
46. Bc2 g5 47. Bf5 Re5 48. g3 Ba4 49. Rd5 Rxd5 50. cxd5 Kd6 51. c4 b5 52. Bd3
bxc4 53. Bxc4 Bd1 54. Ke3 Bxg4 55. Ke4 Bh3 56. Kf3 Bf5 57. g4 Bb1 58. a3 Ke5
59. Ke3 Bc2 60. Kf3 Be4+ 0-1

[Event "129th YMCA Autumn 2013-C"]
[Site "Warszawa"]
[Date "2013.10.23"]
[Round "6"]
[White "Wyszomirski, Krzysztof"]
[Black "Dominiczak, Adrian"]
[Result "1-0"]
[WhiteElo "1755"]
[BlackElo "1762"]
[PlyCount "67"]
[EventDate "2013.09.16"]
[EventType "tourn"]
[EventRounds "1"]
[EventCountry "POL"]
[SourceDate "2013.09.16"]

1. e4 c6 2. d4 d5 3. Nc3 dxe4 4. Nxe4 Bf5 5. Ng3 Bg6 6. Nf3 e6 7. Bc4 Nf6 8.
O-O Be7 9. Re1 Qd6 10. Ne5 Nbd7 11. Qe2 O-O-O 12. c3 Nd5 13. Bxd5 Qxd5 14. Nc4
h5 15. Bf4 c5 16. Rad1 h4 17. dxc5 Qxc5 18. b4 Qc6 19. b5 Qc5 20. Nd6+ Bxd6 21.
Bxd6 Qb6 22. Qc4+ Nc5 23. Bxc5 Qc7 24. Qb4 hxg3 25. hxg3 Bd3 26. b6 axb6 27.
Bxb6 Qc6 28. Bxd8 Rxd8 29. Re3 Qa6 30. c4 Qxa2 31. Rexd3 Rxd3 32. Rxd3 Qc2 33.
Qf8+ Kc7 34. Qd6+ 1-0

[Event "129th YMCA Autumn 2013-C"]
[Site "Warszawa"]
[Date "2013.10.23"]
[Round "6"]
[White "Wilczynski, Adam"]
[Black "Major, Boguslaw"]
[Result "0-1"]
[WhiteElo "1696"]
[BlackElo "1781"]
[PlyCount "40"]
[EventDate "2013.09.16"]
[EventType "tourn"]
[EventRounds "1"]
[EventCountry "POL"]
[SourceDate "2013.09.16"]

1. c4 e5 2. g3 Nf6 3. Bg2 c6 4. d4 exd4 5. Qxd4 d5 6. cxd5 cxd5 7. Nf3 Nc6 8.
Qa4 Bd7 9. O-O Bc5 10. Nc3 h6 11. Nxd5 Nxd5 12. Qc4 Bxf2+ 13. Rxf2 Nf6 14. b4
Qb6 15. b5 Ng4 16. bxc6 Qxf2+ 17. Kh1 bxc6 18. Qe4+ Kf8 19. Ba3+ Kg8 20. Rf1
Qxf1+ 0-1

[Event "129th YMCA Autumn 2013-C"]
[Site "Warszawa"]
[Date "2013.10.11"]
[Round "6"]
[White "Chylewski, Patryk"]
[Black "Maj, Pawel"]
[Result "1/2-1/2"]
[WhiteElo "1704"]
[BlackElo "1732"]
[Annotator "Admin"]
[PlyCount "64"]
[EventDate "2013.09.16"]
[EventType "tourn"]
[EventRounds "1"]
[EventCountry "POL"]
[SourceDate "2013.09.16"]

1. d4 Nf6 2. c4 g6 3. Nc3 Bg7 4. e4 d6 5. f3 O-O 6. Be3 e5 7. d5 a5 8. Qd2 Na6
9. Nge2 Ne8 10. g4 f5 11. gxf5 gxf5 12. Bg5 Nf6 13. Ng3 f4 14. Nh5 Qd7 15.
Nxf6+ Bxf6 16. Bxf6 Rxf6 17. O-O-O Rg6 18. Bd3 Qg7 19. Qf2 Nc5 20. Be2 Rg2 21.
Qxg2 Qxg2 22. Rdg1 Qxg1+ 23. Rxg1+ Kf7 24. Nd1 Bd7 25. Nf2 Rg8 26. Rxg8 Kxg8
27. Bf1 Kg7 28. Kc2 Kf6 29. Bh3 Kg5 30. Bxd7 Nxd7 31. Kd2 h5 32. Ke2 Nc5 $11
1/2-1/2

[Event "129th YMCA Autumn 2013-C"]
[Site "Warszawa"]
[Date "2013.10.23"]
[Round "6"]
[White "Jarmolowski, Tadeusz"]
[Black "Bitowt, Jacek"]
[Result "1-0"]
[WhiteElo "1695"]
[BlackElo "1750"]
[PlyCount "51"]
[EventDate "2013.09.16"]
[EventType "tourn"]
[EventRounds "1"]
[EventCountry "POL"]
[SourceDate "2013.09.16"]

1. e4 e5 2. Nf3 Nc6 3. Bb5 Bc5 4. c3 Nge7 5. O-O Bb6 6. d4 exd4 7. cxd4 d5 8.
exd5 Nxd5 9. Re1+ Be6 10. Bg5 Qd6 11. Nbd2 O-O 12. Nc4 Qb4 13. a4 a6 14. Bxc6
bxc6 15. Rc1 Rfe8 16. Nfe5 f6 17. Nxc6 Qf8 18. Bd2 Qf7 19. a5 Ba7 20. Qf3 Qd7
21. Ne3 Nxe3 22. Qxe3 Bd5 23. Qc3 Rxe1+ 24. Bxe1 Bxc6 25. Qxc6 Qxd4 26. Qxa8+
1-0

[Event "129th YMCA Autumn 2013-C"]
[Site "Warszawa"]
[Date "2013.10.21"]
[Round "6"]
[White "Kacprzak, Karol"]
[Black "Pajak, Jakub"]
[Result "1/2-1/2"]
[WhiteElo "1785"]
[BlackElo "1722"]
[Annotator "Admin"]
[PlyCount "32"]
[EventDate "2013.09.16"]
[EventType "tourn"]
[EventRounds "1"]
[EventCountry "POL"]
[SourceDate "2013.09.16"]

1. c4 e5 2. Nc3 Nc6 3. Nf3 f5 4. e4 d6 5. d4 exd4 6. Nxd4 Nxd4 7. Qxd4 Nf6 8.
Bd3 fxe4 9. Nxe4 Be7 10. O-O O-O 11. Nxf6+ Bxf6 12. Qe4 g6 13. Bh6 Rf7 14. g4
Bg5 15. Bxg5 Qxg5 16. h3 c6 $11 1/2-1/2

[Event "129th YMCA Autumn 2013-C"]
[Site "Warszawa"]
[Date "2013.10.31"]
[Round "7"]
[White "Pajak, Jakub"]
[Black "Krzyzanowski, Antoni"]
[Result "0-1"]
[WhiteElo "1722"]
[BlackElo "1758"]
[PlyCount "82"]
[EventDate "2013.09.16"]
[EventType "tourn"]
[EventRounds "1"]
[EventCountry "POL"]
[SourceDate "2013.09.16"]

1. e4 e6 2. d4 d5 3. Nc3 Nc6 4. Nf3 Nf6 5. Bg5 Be7 6. e5 Nd7 7. Bxe7 Qxe7 8. a3
f6 9. Bb5 fxe5 10. dxe5 O-O 11. Qe2 a6 12. Bxc6 bxc6 13. Nd4 c5 14. Nc6 Qg5 15.
O-O Rf4 16. g3 Bb7 17. Qe3 Raf8 18. h4 Qg4 19. Ne7+ Kh8 20. Ne2 d4 21. Qb3 Nxe5
22. Qxb7 Nf3+ 23. Kg2 Nxh4+ 24. Kh2 Rxf2+ 25. Rxf2 Rxf2+ 26. Kg1 Rg2+ 27. Qxg2
Nxg2 28. Rf1 g6 29. Rf2 Ne3 30. Nc6 Nxc2 31. Ne5 Qe4 32. Nf7+ Kg7 33. Ng5 Qe3
34. Nf4 Qxg3+ 35. Kf1 Ne3+ 36. Ke2 Nf5 37. Nfxe6+ Kg8 38. Rf3 Qe5+ 39. Kd3 h6
40. Nf4 c4+ 41. Kxc4 Qb5# 0-1

[Event "129th YMCA Autumn 2013-C"]
[Site "Warszawa"]
[Date "2013.10.30"]
[Round "7"]
[White "Bitowt, Jacek"]
[Black "Kacprzak, Karol"]
[Result "1-0"]
[WhiteElo "1750"]
[BlackElo "1785"]
[PlyCount "96"]
[EventDate "2013.09.16"]
[EventType "tourn"]
[EventRounds "1"]
[EventCountry "POL"]
[SourceDate "2013.09.16"]

1. e4 c6 2. d4 d5 3. exd5 cxd5 4. c4 Nf6 5. Nc3 e6 6. Nf3 Nc6 7. Bg5 Be7 8. c5
O-O 9. Bb5 Ne4 10. Bxe7 Nxe7 11. O-O Nxc3 12. bxc3 Qa5 13. Qb3 b6 14. Qb4 Qxb4
15. cxb4 f6 16. Rfe1 Kf7 17. h4 h6 18. h5 g5 19. a4 bxc5 20. bxc5 a6 21. Bd3
Nc6 22. Bg6+ Kg8 23. Rab1 g4 24. Rb6 Bd7 25. Rb7 gxf3 26. Rxd7 Nxd4 27. Rb1
Rab8 28. gxf3 Nxf3+ 29. Kh1 Ne5 30. Re7 Nxg6 31. Rg1 Rb1 32. hxg6 Rxg1+ 33.
Kxg1 Rc8 34. Rxe6 Rxc5 35. Rxf6 a5 36. Rd6 Kg7 37. f4 Rc4 38. f5 Rxa4 39. Rd7+
Kg8 40. Rxd5 Rg4+ 41. Kf2 a4 42. Kf3 Rg5 43. Kf4 Rg1 44. Ra5 h5 45. Ke5 Rb1 46.
Rxa4 Rb5+ 47. Kf6 Rb6+ 48. Kg5 Rb5 1-0

[Event "129th YMCA Autumn 2013-C"]
[Site "Warszawa"]
[Date "2013.10.30"]
[Round "7"]
[White "Maj, Pawel"]
[Black "Jarmolowski, Tadeusz"]
[Result "1/2-1/2"]
[WhiteElo "1732"]
[BlackElo "1695"]
[PlyCount "88"]
[EventDate "2013.09.16"]
[EventType "tourn"]
[EventRounds "1"]
[EventCountry "POL"]
[SourceDate "2013.09.16"]

1. e4 d5 2. exd5 Qxd5 3. Nc3 Qd6 4. d4 Nf6 5. Nge2 Bg4 6. f3 Bf5 7. Bf4 Qb6 8.
g4 Bg6 9. Qd2 e6 10. h4 h5 11. g5 Nd5 12. Nxd5 exd5 13. Qe3+ Qe6 14. Qxe6+ fxe6
15. Bxc7 Na6 16. Nf4 Bxc2 17. Rc1 Nxc7 18. Rxc2 Bd6 19. Ng6 Rg8 20. Bd3 Kd7 21.
Ke2 a6 22. Rhc1 Rac8 23. Ke3 Nb5 24. Bxb5+ axb5 25. Rxc8 Rxc8 26. Rxc8 Kxc8 27.
Nf4 Bxf4+ 28. Kxf4 Kd7 29. Ke5 Ke7 30. g6 b4 31. f4 b5 32. b3 Kd7 33. f5 exf5
34. Kxd5 f4 35. Ke4 Ke6 36. Kxf4 Kf6 37. d5 Kxg6 38. Ke5 Kf7 39. Kd6 g5 40. Kc7
gxh4 41. d6 h3 42. d7 h2 43. d8=Q h1=Q 44. Qd7+ Kg6 1/2-1/2

[Event "129th YMCA Autumn 2013-C"]
[Site "Warszawa"]
[Date "2013.10.28"]
[Round "7"]
[White "Major, Boguslaw"]
[Black "Chylewski, Patryk"]
[Result "1-0"]
[WhiteElo "1781"]
[BlackElo "1704"]
[PlyCount "91"]
[EventDate "2013.09.16"]
[EventType "tourn"]
[EventRounds "1"]
[EventCountry "POL"]
[SourceDate "2013.09.16"]

1. Nf3 Nf6 2. g3 b6 3. Bg2 Bb7 4. d4 e6 5. O-O c5 6. c3 Be7 7. Bg5 O-O 8. Re1
d5 9. Qb3 Nbd7 10. Nbd2 Rc8 11. a4 a6 12. Rad1 h6 13. Bxf6 Nxf6 14. Ne5 Re8 15.
Ndf3 Ne4 16. Nd2 Nf6 17. Bh3 a5 18. Ndf3 Ne4 19. Qc2 Bf6 20. e3 Ba6 21. Ng4 Be7
22. Nd2 Nxd2 23. Rxd2 cxd4 24. exd4 Bd6 25. Ne5 Qc7 26. f4 Bxe5 27. Rxe5 Re7
28. Rd1 Rce8 29. Rde1 Bc4 30. Qd2 Bb3 31. Qe3 Kf8 32. g4 Bxa4 33. g5 hxg5 34.
fxg5 Bc2 35. Bg2 Bf5 36. Qf4 g6 37. Qh4 Kg8 38. Qh6 b5 39. R5e3 e5 40. Bxd5
exd4 41. Bxf7+ Kxf7 42. Qh7+ Kf8 43. Qh8+ Kf7 44. Qf6+ Kg8 45. Rxe7 Rxe7 46.
Rxe7 1-0

[Event "129th YMCA Autumn 2013-C"]
[Site "Warszawa"]
[Date "2013.10.18"]
[Round "7"]
[White "Dominiczak, Adrian"]
[Black "Wilczynski, Adam"]
[Result "1-0"]
[WhiteElo "1762"]
[BlackElo "1696"]
[PlyCount "43"]
[EventDate "2013.09.16"]
[EventType "tourn"]
[EventRounds "1"]
[EventCountry "POL"]
[SourceDate "2013.09.16"]

1. d4 Nf6 2. Nf3 e6 3. Bg5 c5 4. e3 cxd4 5. exd4 Qa5+ 6. c3 Ne4 7. Bh4 Bd6 8.
Bd3 f5 9. Nbd2 Nxd2 10. Nxd2 Bf4 11. Nc4 Qd5 12. Rg1 O-O 13. Bg3 Bg5 14. Bd6 b5
15. Bxf8 bxc4 16. Be2 Qe4 17. Bd6 Bb7 18. Kf1 Bd5 19. Bf3 Qh4 20. Bxd5 exd5 21.
Qf3 Qe4 22. Re1 1-0

[Event "129th YMCA Autumn 2013-C"]
[Site "Warszawa"]
[Date "2013.10.30"]
[Round "7"]
[White "Rodak, Przemyslaw"]
[Black "Wyszomirski, Krzysztof"]
[Result "1/2-1/2"]
[WhiteElo "1661"]
[BlackElo "1755"]
[Annotator "Admin"]
[PlyCount "103"]
[EventDate "2013.09.16"]
[EventType "tourn"]
[EventRounds "1"]
[EventCountry "POL"]
[SourceDate "2013.09.16"]

1. d4 Nf6 2. c4 g6 3. Nc3 Bg7 4. e4 O-O 5. Be2 d6 6. Bg5 Nbd7 7. Nf3 c5 8. d5
a6 9. O-O Rb8 10. Qc2 Qa5 11. Bd2 Qc7 12. Rab1 b6 13. b4 cxb4 14. Rxb4 Nc5 15.
Be3 Bd7 16. Bd4 e5 17. Bxc5 Qxc5 18. Rfb1 Rfc8 19. a4 b5 20. axb5 axb5 21. Qb2
Ra8 22. Nd2 bxc4 23. Rxc4 Qa7 24. Rxc8+ Rxc8 25. Nc4 Qd4 26. Rd1 Qc5 27. Rb1
Nh5 28. Qb6 Nf4 29. Bf1 Bf8 30. Qxc5 Rxc5 31. Rb6 f5 32. g3 Nh5 33. f3 Nf6 34.
Bd3 fxe4 35. Nxe4 Nxe4 36. fxe4 Rb5 37. Rxb5 Bxb5 38. Nxe5 dxe5 39. Bxb5 Bc5+
40. Kg2 Kf7 41. Kf3 Kf6 42. Bd7 Ke7 43. Be6 Kf6 44. Ke2 h6 $11 45. Kd3 Ke7 46.
Kc4 Ba3 47. Kb5 Bd6 48. Kc6 Ba3 49. h3 Bb4 50. h4 g5 51. hxg5 hxg5 52. g4 $11
1/2-1/2

[Event "129th YMCA Autumn 2013-C"]
[Site "Warszawa"]
[Date "2013.10.30"]
[Round "7"]
[White "Szukalski, Antoni"]
[Black "Kaminski, Jan"]
[Result "0-1"]
[WhiteElo "1796"]
[BlackElo "1753"]
[PlyCount "104"]
[EventDate "2013.09.16"]
[EventType "tourn"]
[EventRounds "1"]
[EventCountry "POL"]
[SourceDate "2013.09.16"]

1. e4 c5 2. c3 Nf6 3. e5 Nd5 4. d4 cxd4 5. cxd4 d6 6. exd6 Qxd6 7. Nf3 Nc6 8.
Be2 g6 9. O-O Bg7 10. Nc3 O-O 11. Ne4 Qd8 12. Be3 f5 13. Nc3 f4 14. Nxd5 Qxd5
15. Bd2 Nxd4 16. Nxd4 Qxd4 17. Bc3 Qxd1 18. Rfxd1 Bxc3 19. bxc3 Bf5 20. Rd4 e5
21. Rd5 e4 22. Re5 Rfe8 23. Rb5 b6 24. Rd1 Rad8 25. Bc4+ Kg7 26. Rbd5 Rxd5 27.
Rxd5 Rc8 28. Rd4 b5 29. Bxb5 Rxc3 30. Kf1 Rc1+ 31. Ke2 Rc2+ 32. Rd2 Bg4+ 33. f3
exf3+ 34. gxf3 Bxf3+ 35. Ke1 Rxd2 36. Kxd2 Kf6 37. Ke1 Bd5 38. a3 Ke5 39. Kd2
Kd4 40. Ba6 g5 41. Bd3 Be4 42. Ba6 h5 43. Bc8 g4 44. Ke2 g3 45. hxg3 fxg3 46.
Kf1 Ke3 47. a4 h4 48. a5 Kf4 49. a6 Bf5 50. Bb7 h3 51. Kg1 h2+ 52. Kh1 Be4+ 0-1